000 00750 a2200241 4500
003 CBULib
005 20251112073623.0
008 251112b |||||||| |||| 00| 0 eng d
020 _a13505084
040 _bEnglish
_cCBULib
_erda
041 _aeng
050 _aHM 131 Org
100 _aBarros, Marcos
245 _aOrganization : the critical journal of organization, theory and society
_c/ edited by Marcos Barros
260 _bSAGE,
_c2024
_aLondon :
300 _a1304 pages : illustrations
336 _2rdacontent
_aText |
_btxt
337 _2rdamedia
_aUnmediated |
_bn
338 _2rdacarrier
_aVolume
_bnc
650 0 _95053
_aORGANIZATION -- PERIODICALS
650 0 _95054
_aORGANIZATION--SOCIOLOGY--PERIODICALS
942 _2lcc
_c002
999 _c86489
_d86489